Enfermera auxiliar : (Record no. 35732)
[ view plain ]
| 000 -CABECERA | |
|---|---|
| campo de control de longitud fija | 00665nam a2200181 a 4500 |
| 001 - NÚMERO DE CONTROL | |
| campo de control | 000036241 |
| 005 - FECHA Y HORA DE LA ÚLTIMA TRANSACCIÓN | |
| campo de control | 20200930075629.0 |
| 008 - DATOS DE LONGITUD FIJA--INFORMACIÓN GENERAL | |
| campo de control de longitud fija | 120111s1972 mx a 000 0 spa d |
| 020 ## - NÚMERO INTERNACIONAL ESTÁNDAR DEL LIBRO | |
| Número Internacional Estándar del Libro | 9682500923 |
| 040 ## - FUENTE DE LA CATALOGACIÓN | |
| Centro catalogador/agencia de origen | DO-SdBNP |
| Lengua de catalogación | spa |
| Centro/agencia transcriptor | BNPHU |
| 082 ## - NÚMERO DE LA CLASIFICACIÓN DECIMAL DEWEY | |
| Número de clasificación | xxxx |
| Número de documento/Ítem | E56 |
| 240 10 - TÍTULO UNIFORME | |
| Título uniforme | Hospital research and educational trust |
| Lenguaje de la obra | Inglés |
| 245 00 - MENCIÓN DE TÍTULO | |
| Título | Enfermera auxiliar : |
| Resto del título | serie para auxiliares hospitalarios / |
| Mención de responsabilidad, etc. | traducción Amalia Vistrain de Morales, Vicente Agut Armer. |
| 260 ## - PUBLICACIÓN, DISTRIBUCIÓN, ETC. | |
| Lugar de publicación, distribución, etc. | México : |
| Nombre del editor, distribuidor, etc. | Nueva Editorial Interamericana, |
| Fecha de publicación, distribución, etc. | 1972. |
| 300 ## - DESCRIPCIÓN FÍSICA | |
| Extensión | [350 p.] : |
| Otras características físicas | il. ; |
| Dimensiones | 27 cm. |
| 700 12 - PUNTO DE ACCESO ADICIONAL--NOMBRE DE PERSONA | |
| Nombre de persona | Vistrain de Morales, Amalia, |
| Término indicativo de función/relación | tr. |
| 9 (RLIN) | 62324 |
| 700 12 - PUNTO DE ACCESO ADICIONAL--NOMBRE DE PERSONA | |
| Nombre de persona | Agut Armer, Vicente, |
| Término indicativo de función/relación | tr. |
| 9 (RLIN) | 41657 |
| Estado de retiro | Estado de pérdida | Restricciones de uso | No para préstamo | Código de colección | Localización permanente | Ubicación/localización actual | Ubicación en estantería | Fecha de adquisición | Número de inventario | Total de préstamos | Signatura topográfica completa | Código de barras | Fecha visto por última vez | Precio válido a partir de | Tipo de ítem Koha |
|---|---|---|---|---|---|---|---|---|---|---|---|---|---|---|---|
| Monografías: Libros y Folletos | General | General | Orden iniciada | 11.01.2012 | LF1 | xxxx E56 | 36241-10 | 25.06.2020 | 25.06.2020 | No se presta |
